[Event "Vladivostok op-B"]
[Site "Vladivostok"]
[Date "2010.08.09"]
[Round "6"]
[White "Zavizion, Evgeniy"]
[Black "Borodinov, Dmitri"]
[Result "1/2-1/2"]
[WhiteElo "2221"]
[BlackElo "2146"]
[PlyCount "79"]
[EventDate "2010.08.04"]
[EventType "swiss"]
[EventRounds "9"]
[EventCountry "RUS"]
[SourceTitle "EXT 2011"]
[Source "ChessBase"]
[SourceDate "2010.11.26"]
[SourceVersion "1"]
[SourceVersionDate "2010.11.26"]
[SourceQuality "1"]

1. d4 Nf6 2. Nf3 c5 3. c3 b6 4. Bg5 Ne4 5. Bf4 Bb7 6. e3 d6 7. Nbd2 Nxd2 8. Qxd2 g6 9. Be2 Bg7 10. 0-0 0-0 11. Rac1 Nd7 12. Rfd1 Qc7 13. Ne1 Nf6 14. c4 Ne4 15. Qc2 e5 16. dxe5 dxe5 17. Bg3 Nxg3 18. hxg3 f5 19. Nf3 Qe7 20. Nd2 Bh6 21. Bf3 e4 22. Be2 g5 23. Nf1 f4 24. Bg4 Rad8 25. Rxd8 Rxd8 26. Rd1 Rd6 27. Rxd6 Qxd6 28. Qd1 Qxd1 29. Bxd1 Bg7 30. b3 Be5 31. gxf4 gxf4 32. Bc2 Kg7 33. Nd2 fxe3 34. fxe3 Bc3 35. Nxe4 Bxe4 36. Bxe4 h6 37. Kf2 Kf6 38. Kf3 Ke5 39. Bd5 Bd2 40. Bb7 1/2-1/2

[Event "Vladivostok op-B"]
[Site "Vladivostok"]
[Date "2010.08.05"]
[Round "2"]
[White "Zavizion, Evgeniy"]
[Black "Aksenov, Anton"]
[Result "1-0"]
[WhiteElo "2221"]
[BlackElo "1988"]
[PlyCount "100"]
[EventDate "2010.08.04"]
[EventType "swiss"]
[EventRounds "9"]
[EventCountry "RUS"]
[SourceTitle "EXT 2011"]
[Source "ChessBase"]
[SourceDate "2010.11.26"]
[SourceVersion "1"]
[SourceVersionDate "2010.11.26"]
[SourceQuality "1"]

1. d4 Nf6 2. Nf3 e6 3. c4 b6 4. g3 Bb7 5. Bg2 Bb4+ 6. Bd2 Qe7 7. 0-0 0-0 8. Bf4 d5 9. Qc2 Bd6 10. Bg5 h6 11. Bxf6 Qxf6 12. Nc3 Nd7 13. Nb5 Qe7 14. cxd5 exd5 15. Rac1 c6 16. Nxd6 Qxd6 17. Rfd1 Rfe8 18. e3 Qe7 19. Bh3 Nf6 20. a3 Qe4 21. Qe2 c5 22. Nd2 Qe7 23. dxc5 bxc5 24. Nb3 Ne4 25. Qc2 d4 26. exd4 Ng5 27. Bg2 Bxg2 28. Kxg2 cxd4 29. Nxd4 Rac8 30. Qd3 Qb7+ 31. Nf3 Rcd8 32. Qf5 Nxf3 33. Qxf3 Qxb2 34. Rxd8 Rxd8 35. Rc7 Qa2 36. Rxa7 Qd5 37. a4 g6 38. Re7 Qxf3+ 39. Kxf3 Rd4 40. Re4 Rd3+ 41. Re3 Rd4 42. Ra3 Rd6 43. a5 Ra6 44. Ke4 Kg7 45. Kd5 Kf6 46. Kc5 Kg5 47. Kb5 Ra8 48. Ra4 f5 49. a6 Kh5 50. a7 g5 1-0

[Event "Vladivostok op"]
[Site "Vladivostok"]
[Date "2007.08.??"]
[Round "5"]
[White "Vilchenko, Maxim"]
[Black "Zavizion, Evgeniy"]
[Result "1-0"]
[WhiteElo "2227"]
[BlackElo "2208"]
[PlyCount "69"]
[EventDate "2007.08.??"]
[EventType "swiss"]
[EventRounds "9"]
[EventCountry "RUS"]
[SourceTitle "EXT 2009"]
[Source "ChessBase"]
[SourceDate "2008.11.26"]
[SourceVersion "1"]
[SourceVersionDate "2008.11.26"]
[SourceQuality "1"]

1. d4 d5 2. c4 e6 3. Nc3 Be7 4. cxd5 exd5 5. Bf4 c6 6. e3 Bf5 7. Nge2 Nf6 8. Ng3 Bg6 9. h4 h6 10. h5 Bh7 11. Bd3 Bd6 12. Bxd6 Qxd6 13. Bxh7 Nxh7 14. Qg4 0-0 15. Qxg7+ Kxg7 16. Nf5+ Kf6 17. Nxd6 b6 18. g4 Ng5 19. Nf5 Rh8 20. f4 Ne6 21. Rg1 Na6 22. Nxh6 Ng7 23. g5+ Ke6 24. Rh1 f5 25. Ne2 Nb4 26. Kd2 Raf8 27. a3 Na6 28. Ng1 Nb8 29. Nf3 Nd7 30. Rag1 Rh7 31. Nf7 Rxh5 32. Rxh5 Nxh5 33. N7e5 Nxe5 34. Nxe5 c5 35. Rh1 1-0

[Event "Vladivostok op"]
[Site "Vladivostok"]
[Date "2007.08.??"]
[Round "7"]
[White "Zavizion, Evgeniy"]
[Black "Kravtsov, Sergey"]
[Result "0-1"]
[WhiteElo "2208"]
[BlackElo "2367"]
[PlyCount "80"]
[EventDate "2007.08.??"]
[EventType "swiss"]
[EventRounds "9"]
[EventCountry "RUS"]
[SourceTitle "EXT 2009"]
[Source "ChessBase"]
[SourceDate "2008.11.26"]
[SourceVersion "1"]
[SourceVersionDate "2008.11.26"]
[SourceQuality "1"]

1. d4 d5 2. c4 Nc6 3. Nc3 dxc4 4. d5 Ne5 5. Bf4 Ng6 6. Bg3 e5 7. Nf3 Bd6 8. e4 Nf6 9. Bxc4 0-0 10. 0-0 a6 11. Ne1 Nf4 12. Be2 b5 13. a3 Bd7 14. Nd3 Re8 15. b4 Qe7 16. Rc1 Nxd3 17. Bxd3 c5 18. dxc6 Bxc6 19. Qe2 Qb7 20. Rfd1 g6 21. Bb1 Bf8 22. Qf3 Nh5 23. Ba2 a5 24. Nd5 axb4 25. Nf6+ Nxf6 26. Qxf6 Bxe4 27. Bxe5 Rxe5 28. Qxe5 Rxa3 29. Rd8 Rxa2 30. Qd6 Kg7 31. Qxf8+ Kf6 32. Qh8+ Kg5 33. Qe5+ Bf5 34. Qe3+ Kf6 35. Qd4+ Kg5 36. h4+ Kh6 37. Rg8 Qe7 38. Qg7+ Kh5 39. Qxh7+ Kg4 40. Rc4+ bxc4 0-1